[Event "Treviso op-C 4th"]
[Site "Treviso"]
[Date "2023.04.01"]
[Round "2"]
[White "Cai, Shenghui William"]
[Black "Gorza, Simone"]
[Result "1/2-1/2"]
[WhiteElo "999"]
[BlackElo "999"]
[PlyCount "140"]
[EventDate "2023.03.31"]
[EventType "swiss"]
[EventRounds "5"]
[EventCountry "ITA"]
[SourceTitle "EXT 2024"]
[Source "ChessBase"]
[SourceDate "2023.10.10"]
[SourceVersion "1"]
[SourceVersionDate "2023.10.10"]
[SourceQuality "1"]

1. e4 e5 2. Nf3 Nc6 3. Bc4 Bc5 4. 0-0 Nf6 5. Nc3 d6 6. h3 Nd4 7. d3 c6 8. Bg5 Be6 9. Bb3 Qd7 10. Bxf6 gxf6 11. Kh2 f5 12. Qd2 f4 13. Ne2 Nxf3+ 14. gxf3 Bxh3 15. Rg1 Bxf2 16. Rg7 0-0-0 17. Rxf7 Qe8 18. Kxh3 Qg8 19. Rc7+ Kxc7 20. Bxg8 Rhxg8 21. Rf1 Be3 22. Qe1 Rg6 23. Qh4 Rdg8 24. Qxh7+ Kb8 25. Qh4 Rg2 26. Qe1 Kc7 27. Rh1 R2g6 28. Qh4 Bf2 29. Qxf2 Rh6+ 30. Qh4 Rxh4+ 31. Kxh4 Rh8+ 32. Kg5 Rxh1 33. d4 Rh2 34. dxe5 dxe5 35. Kf5 Kd6 36. Nc1 Rxc2 37. Nb3 Rxb2 38. Na5 Rf2 39. Nc4+ Ke7 40. Nxe5 Rxa2 41. Ng6+ Kd7 42. Nxf4 Rf2 43. Kg4 a5 44. e5 Rh2 45. e6+ Ke7 46. Kf5 Rh6 47. Ng6+ Rxg6 48. Kxg6 Kxe6 49. f4 Kd5 50. f5 a4 51. f6 a3 52. f7 a2 53. f8Q a1Q 54. Qf7+ Kc5 55. Qxb7 Qg1+ 56. Kf5 Qf2+ 57. Ke6 Qa2+ 58. Ke5 Qd5+ 59. Kf4 Kd4 60. Qb2+ Kc4 61. Qa2+ Kb5 62. Qb2+ Ka6 63. Qa3+ Qa5 64. Qd3+ Kb6 65. Qb3+ Qb5 66. Qe3+ c5 67. Qe6+ Qc6 68. Qb3+ Ka5 69. Qc3+ Ka4 70. Qc4+ Ka5 1/2-1/2